[Event "IECG CP.2003.P.00043 email"]
[Site "IECG email"]
[Date "2003.10.01"]
[Round "?"]
[White "Di Tolla, Francesco"]
[Black "Pavlik, Matt"]
[Result "1-0"]
[WhiteElo "2042"]
[BlackElo "800"]
[PlyCount "75"]
[EventDate "2003.10.01"]
[EventType "tourn (corr)"]
[EventRounds "6"]
[EventCountry "PER"]
[SourceTitle "Corr 2008"]
[Source "ChessBase"]
[SourceDate "2008.06.24"]
[SourceVersion "1"]
[SourceVersionDate "2008.06.24"]
[SourceQuality "1"]

1. c4 e5 2. Nc3 Nc6 3. g3 Bc5 4. Bg2 Nf6 5. e3 0-0 6. Nge2 a6 7. 0-0 d6 8. d4 exd4 9. exd4 Bb6 10. Bg5 Bg4 11. f3 Bh5 12. Nd5 Re8 13. Bxf6 gxf6 14. Nxb6 cxb6 15. Nc3 Ne7 16. g4 Bg6 17. f4 f5 18. g5 Qc7 19. h4 h5 20. Qd3 Red8 21. Rae1 Rac8 22. Re3 Kg7 23. Rfe1 Ng8 24. b3 d5 25. Nxd5 Rxd5 26. Bxd5 Qxf4 27. Rh3 Rc7 28. Bg2 f6 29. Qe3 Qd6 30. gxf6+ Nxf6 31. Qe5 Qd7 32. Rhe3 Qd8 33. Qxc7+ Qxc7 34. Re7+ Qxe7 35. Rxe7+ Kf8 36. Rxb7 Ng4 37. Rxb6 Kg7 38. Rxa6 1-0

[Event "IECG CP.2003.P.00043 email"]
[Site "IECG email"]
[Date "2003.10.01"]
[Round "?"]
[White "Pavlik, Matt"]
[Black "Ojeda, Jose Luis"]
[Result "0-1"]
[WhiteElo "800"]
[BlackElo "1926"]
[PlyCount "76"]
[EventDate "2003.10.01"]
[EventType "tourn (corr)"]
[EventRounds "6"]
[EventCountry "PER"]
[SourceTitle "Corr 2008"]
[Source "ChessBase"]
[SourceDate "2008.06.24"]
[SourceVersion "1"]
[SourceVersionDate "2008.06.24"]
[SourceQuality "1"]

1. d4 Nf6 2. c4 e6 3. Nc3 Bb4 4. a3 Bxc3+ 5. bxc3 c5 6. Nf3 Nc6 7. e3 0-0 8. Bd3 d6 9. Qc2 e5 10. d5 Na5 11. h3 e4 12. Bxe4 Nxe4 13. Qxe4 Qf6 14. 0-0 Qxc3 15. Bd2 Qxc4 16. Qe7 Nb3 17. Rad1 Bf5 18. Kh1 Bc2 19. Rde1 Nxd2 20. Nxd2 Qxd5 21. Nf3 Rfe8 22. Qh4 Bd3 23. Rd1 Qc4 24. Rfe1 Qxh4 25. Nxh4 c4 26. Nf3 Rac8 27. Nd4 a6 28. f3 Re5 29. f4 Ra5 30. e4 Rxa3 31. Nf5 Rd8 32. h4 Kf8 33. h5 d5 34. Kh2 dxe4 35. Rxe4 Rd5 36. Rd4 Rxf5 37. g4 Rb5 38. Re1 Rb2+ 0-1